Oeuvres

Uloženo v:
Podrobná bibliografie
Hlavní autor: Mounier, Emmanuel
Médium: Kniha
Jazyk:Undetermined
Vydáno: París, Francia Sevil 1961
Témata:
Tagy: Přidat tag
Žádné tagy, Buďte první, kdo vytvoří štítek k tomuto záznamu!

MARC

LEADER 00000nam a2200000Ia 4500
008 170316s9999 xx 000 0 und d
090 |a 100 M-63o v.1 
100 |a Mounier, Emmanuel 
245 |a Oeuvres 
260 |a París, Francia 
260 |b Sevil 
260 |c 1961 
300 |a 939 páginas Vol. 1 
650 |a FILOSOFÍA 
650 |a MOUNIER 
650 |a PERSONALISMO 
999 |c 17075  |d 17075 
040 |a cru BVZT 
942 |c 15 D  |h 100 M-63o v.1  |2 z